书目信息 |
| 题名: |
债券投资
|
|
| 作者: | ;台湾钱理财研究室 编 | |
| 分册: | ||
| 出版信息: | 北京 中国青年出版社 |
|
| 页数: | ||
| 开本: | ||
| 丛书名: | ||
| 单 册: | ||
| 中图分类: | F830.9 | |
| 科图分类: | ||
| 主题词: | 金融 , 银行 | |
| 电子资源: | ||
| ISBN: | 7-5006-2468-9 | |
| 000 | 00568nam0 2200193 450 | |
| 001 | 0633917937 | |
| 005 | 20061214092623.18 | |
| 010 | @a7-5006-2468-9@dCNY11.40 | |
| 100 | @a20061214d km y0chiy0120 ea | |
| 101 | 0 | @achi |
| 102 | @aCN@b110000 | |
| 200 | 1 | @a债券投资@Azhai quan tou zi@f台湾钱理财研究室编@Ftai wan qian li cai yan jiu shi bian |
| 210 | @a北京@c中国青年出版社 | |
| 606 | 0 | @a金融 |
| 606 | 0 | @a银行 |
| 690 | @aF830.9@v3 | |
| 711 | 0 | @a台湾钱理财研究室@Atai wan qian li cai yan jiu shi@4编 |
| 801 | 0 | @aCN@bNISOFT@c20061214 |
| 905 | @a10447@dF830.9@eT052 | |
| 债券投资/台湾钱理财研究室编.-北京:中国青年出版社 |
| ISBN 7-5006-2468-9:CNY11.40 |
| ● |
| 相关链接 |
|
|
|
正题名:债券投资
索取号:F830.9/T052
 
预约/预借
| 序号 | 登录号 | 条形码 | 馆藏地/架位号 | 状态 | 备注 |
| 1 | 444121 | 204441210 | 管理学院资料室/ [索取号:F830.9/T052] | 在馆 | |
| 2 | 444122 | 204441229 | 管理学院资料室/ [索取号:F830.9/T052] | 在馆 |